000 00759namaa22001691 4500
001 174043
003 ES-MaACL
005 20231223063116.0
008 100209s1908 sp |||| | spa d
100 1 _aDicenta, Joaquín,
_d1863-1917
_944474
245 1 3 _aEl crimen de ayer
_b: drama en tres actos y en prosa /
_coriginal de Joaquín Dicenta.
260 _aMadrid :
_bSociedad de Autores Españoles,
_c1908 (
_fR. Velasco)
300 _a68 p., 1 h. ;
_c20 cm.
500 _aEn port.: Estrenado en el teatro Español el 18 de febrero de 1908.
852 _aES-MaACL
_jF-8647(7)
_z.- Enc. hol., conservando la cub. original
_z.- Enc. en un vol. facticio formando parte de la col. facticia "Teatro español moderno" v. 104
999 _c174043
_d174043